|
|
|
|
| LEADER |
00000cam a2200000 a 4500 |
| 001 |
UCD1615 |
| 003 |
CL-VaPUC |
| 008 |
160316e19210000gw |||||||||||||||||lat|d |
| 082 |
0 |
4 |
|a 262.933
|b NOL
|2 21
|
| 100 |
|
|
|a Noldin, H.
|q (Hieronymus)
|e author
|9 585034
|
| 245 |
1 |
0 |
|a De sacramentis: scholarum usui
|
| 250 |
|
|
|a 14a. ed
|
| 300 |
|
|
|a 819 p
|
| 942 |
|
|
|c BK
|
| 945 |
|
|
|d 20160316 17:23:00
|a dcastane
|
| 260 |
|
|
|a Ratisbona
|b Oeniponte
|c 1921
|
| 650 |
|
0 |
|a Sacramentos
|9 257270
|
| 650 |
|
7 |
|a DERECHO CANONICO
|2 CL-VaPUC
|9 584737
|
| 583 |
|
|
|a last modification
|c 20160316 17:23:00
|k Rodrigo Vera
|
| 999 |
|
|
|c 362886
|d 362884
|
| 952 |
|
|
|0 0
|1 0
|3 erd
|4 0
|6 262_933000000000000_NOL_1921
|7 0
|8 P
|9 474480
|a BIBTEO
|b BIBTES
|c TEO_FTES
|i 5277477
|o 262.933 NOL 1921
|p 5277477
|r 2024-01-18
|w 2019-11-24
|y BK
|z Catalogado en:20160316
|k ICR
|